[Event "Edinburgh Allegro op"]
[Site "Edinburgh"]
[Date "2023.08.05"]
[Round "4"]
[White "McGillivray, Calum"]
[Black "Deighan, Matthew J"]
[Result "0-1"]
[WhiteElo "1633"]
[BlackElo "1514"]
[PlyCount "42"]
[EventDate "2023.08.05"]
[EventType "swiss (rapid)"]
[EventRounds "5"]
[EventCountry "SCO"]
[SourceTitle "CBM 215 Extra"]
[Source "ChessBase"]
[SourceDate "2023.09.30"]
[SourceVersion "1"]
[SourceVersionDate "2023.09.30"]
[SourceQuality "1"]

1. d4 Nf6 2. Nf3 g6 3. Bf4 d6 4. e3 Bg7 5. c4 0-0 6. Bd3 Nbd7 7. Nc3 Nh5 8. Bg3 e5 9. dxe5 Nxe5 10. Nxe5 dxe5 11. Qc2 c6 12. 0-0-0 Qa5 13. Kb1 Be6 14. Ne4 b5 15. Ng5 bxc4 16. Bxc4 Bxc4 17. Qxc4 Rab8 18. Rd7 e4 19. b3 Qa3 20. Qc1 Rxb3+ 21. axb3 Qxb3+ 0-1